00912nam a22002417a 450000500170000001000130001702000210003003500130005103700160006404000120008008200160009210000260010824501040013426000470023827000550028530000240034050000620036465000380042665000270046494200250049199900190051695201350053520170124110059.0 aA-713886 c00.00a195621395 aA-713886 bCen Lib/Ret aDPLbEN a954.33bPAN aPanikkar, K.N.918753 aAgainst lord and state :cby K.n. Panikkar breligion and peasant uprisengs in malabar, 1836-1921 / aNew Delhi bOxford University Press c1989 bNew Delhi aYMCA building, jai singh road e110001 axv, 232p.c21cm(Hb) aIncludes glossary, bibliographical references and index  aSocial relations zKerela 926875 aColonial state 926876 2ddccENh954.33mPAN c129604d129604 00104070aLbLd2015-07-07eCen Lib/Retg0.00l1o954.33 PANpA-713886r2021-06-10 00:00:00s2021-04-05t1v0.00w2015-07-07yEN